Testing the long-run implications of the neoclassical growth model for Australia
Saved in:
| Main Author: | |
|---|---|
| Format: | Book |
| Language: | English |
| Published: |
Brisbane
The University of Queensland
1997
|
| Series: | Discussion papers
no. 214 |
| Subjects: | |
| Tags: |
No Tags, Be the first to tag this record!
|
MARC
| LEADER | 00000nam a2200000 4500 | ||
|---|---|---|---|
| 001 | c100641 | ||
| 005 | 20221124075013.6 | ||
| 022 | |a 1033-4661 | ||
| 041 | 0 | |a eng | |
| 044 | |a AU | ||
| 245 | 1 | 0 | |a Testing the long-run implications of the neoclassical growth model for Australia |c Philip M. Bodman |
| 264 | 1 | |a Brisbane |b The University of Queensland |c 1997 | |
| 300 | |a 14 s. | ||
| 490 | 1 | |a Discussion papers |v no. 214 | |
| 830 | 0 | |a Discussion papers |v no. 214 | |
| 610 | 2 | 0 | |a modely rastu |
| 610 | 2 | 0 | |a modely rastu neoklasické |
| 610 | 2 | 0 | |a rady časové |
| 610 | 2 | 0 | |a analýzy |
| 610 | 2 | 0 | |a teórie rastu hospodárskeho |
| 610 | 2 | 0 | |a testy |
| 610 | 2 | 0 | |a hypotézy |
| 610 | 2 | 0 | |a Austrália |
| 100 | 1 | |a Bodman, Philip M. | |